| 000 | 00000nam 2200000za 4500 |
| 001 | 9.858538 |
| 003 | CaOODSP |
| 005 | 20221107160024 |
| 007 | cr ||||||||||| |
| 008 | 180705s2018 onc ob f000 0 eng d |
| 020 | |a9780660271231 |
| 040 | |aCaOODSP|beng |
| 043 | |an-cn--- |
| 086 | 1 |aHP35-111/2018E-PDF |
| 110 | 2 |aPublic Health Agency of Canada. |
| 245 | 14|aThe Canadian Chronic Disease Surveillance System - an overview |h[electronic resource]. |
| 260 | |a[Ottawa] : |bPublic Health Agency of Canada, |cc2018. |
| 300 | |a4 p. |
| 500 | |aIssued also in French under title: Le Système canadien de surveillance des maladies chroniques - un apercu. |
| 500 | |aCaption title. |
| 500 | |aIssued also in HTML format. |
| 504 | |aIncludes bibliographical references. |
| 520 | |a"The Canadian Chronic Disease Surveillance System (CCDSS) is a collaborative network of provincial and territorial surveillance systems, supported by the Public Health Agency of Canada (PHAC). The CCDSS enhances the scope of data on chronic diseases in Canada and supports the planning of health resources and the development of health policies and programs. It collects data on all residents who are eligible for provincial or territorial health insurance and can generate national estimates and trends over time for over 20 chronic diseases." |
| 693 | 4|aChronic diseases |
| 693 | 4|aPublic health surveillance |
| 775 | 08|tLe Système canadien de surveillance des maladies chroniques - un apercu |w(CaOODSP)9.858539 |
| 856 | 40|qPDF|s775 KB|uhttps://publications.gc.ca/collections/collection_2018/aspc-phac/HP35-111-2018-eng.pdf |
| 856 | 4 |qHTML|sN/A|uhttps://www.canada.ca/en/public-health/services/publications/canadian-chronic-disease-surveillance-system-factsheet.html |
| 986 | |a180161 |